Elements of large-sample theory

Salvato in:
Dettagli Bibliografici
Autore principale: Lehmann, Erich Leo (Autore)
Natura: Libro
Lingua:inglese
Pubblicazione: Nueva York Springer 1999
Serie:Springer Texts in Statistics
Soggetti:
Tags: Aggiungi Tag
Nessun Tag, puoi essere il primo ad aggiungerne!!

MARC

LEADER 00000nam a2200000 a 4500
001 UCO7741
003 CL-VaPUC
008 001117e19990000US |||||||||||||||||eng|d
082 0 4 |a 519.52  |b LEH  |2 21 
100 |a Lehmann, Erich Leo  |e author  |9 452442 
245 1 0 |a Elements of large-sample theory 
300 |a 631 p 
942 |c BK 
945 |d 20001117 00:00:00  |a vberengu 
260 |a Nueva York  |b Springer  |c 1999 
650 0 |a Encuestas   |9 259666 
650 0 |a Estimación   |9 373802 
650 0 |a Muestreo (Estadística)  |9 270232 
650 7 |a TEORIA ASINTOTICA  |2 CL-VaPUC  |9 424868 
583 |a last modification  |c 20001117 00:00:00  |k Rodrigo Vera 
490 0 |a Springer Texts in Statistics 
999 |c 292622  |d 292620 
952 |0 0  |1 0  |4 0  |6 519_520000000000000_LEH_1999  |7 0  |8 A  |9 343616  |a BIBGIM  |b BIBGIM  |d 2019-11-20  |i 3652289  |o 519.52 LEH 1999  |p 3652289  |r 2025-01-15  |w 2019-11-20  |y BK  |k EST